LEADER 01154nam a2200253 i 4500 001 000000225832 003 CaOOAMICUS 005 20131219000000.0 008 131219s1997 it u000 u ita u 013 $a204734 040 $aSeMil$bita 245 12$aI luoghi del Monachesimo :$bchiostri e cori di Santa Giustina /$ca cura di Paola Vettore Ferraro. 260 $aPadova :$bAbbazia di Santa Giustina,$c1997. 300 $a23 p. :$bill. ;$c21 cm. 490 0 $aMattinate della memoria. Progetto Bibbia e Arte 500 $aPro Manuscripto. 650 4$aPadova - Chiese - Basilica abbaziale di Santa Giustina.$0(OLS)http://semarc/subject/23839 700 1 $aVettore Ferraro, Paola.$0(OLS)http://semarc/name/78413 830 0$aMattinate della memoria. Progetto Bibbia e Arte.$0(OLS)http://semarc/title/39769 850 $aSeMil 852 $aSeMil$W1$xVenegono$y1$m5B III 15/18$j176178$B176178$CSeMilBibl$Z2$F186711 $81 961 $aOmaggio: Altro 996 $6245$aI luoghi del Monachesimo :$bchiostri e cori di Santa Giustina$9(OLS)http://semarc/title/323443 996 $6260$aPadova :$bAbbazia di Santa Giustina$9(OLS)http://semarc/publisher/29796 LEADER 00765naa a2200181 i 4500 001 000000305948 003 CaOOAMICUS 005 20180831172847.0 008 180831n it u000 u ita u 013 $a14240 040 $aSeMil$bita 100 0 $aPlutarchus ,$d<46-120>.$0(OLS)http://semarc/name/1118 245 10$aPerchè la giustizia divina punisce tardi. 700 1 $aCoccìa, Costanza.$0(OLS)http://semarc/name/18832 773 0 $aMaistre, Joseph : de <1753-1821>$tSerate di Pietroburgo, o, colloqui sul governo temporale della Provvidenza.$b2. Ed.$dMilano : Rusconi, 1986.$kCultura nuova$z88-18-02059-5$gp.[631]-733$w()39031 900 0 $aPlutarco. 996 $6245$aPerchè la giustizia divina punisce tardi$9(OLS)http://semarc/title/381406